00525 a2200133 4500020001800000040001300018100002000031245011700051260003400168300001100202942002400213999001500237952013900252 a0-385-33384-6 aDLCbDLC1 aVonnegut, Kurt,10aSlaughterhouse-five or The children's crusade: a duty dance with death ba duty dance with death cKurt Vonnegut aNew York :bDial Press,c2005 a275 s. cBKk813.54 VON2ddc c5258d5258 001040708NFICaCLbCLcGENd2008-04-17eDonationl5m3o813.54 VONpSEECS008997q2026-03-15r2025-09-09s2025-09-09w2017-01-05yBK